[Event "FRA-chT2O 0203"]
[Site "France"]
[Date "2003.04.06"]
[Round "11.8"]
[White "Mathelin, Robert"]
[Black "Elsaesser, Thomas"]
[Result "1-0"]
[WhiteElo "2030"]
[BlackElo "1920"]
[PlyCount "137"]
[EventDate "2002.10.??"]
[EventType "team-tourn"]
[EventRounds "11"]
[EventCountry "FRA"]
[SourceTitle "EXT 2004"]
[Source "ChessBase"]
[SourceDate "2003.11.25"]
[SourceVersion "1"]
[SourceVersionDate "2003.11.25"]
[SourceQuality "1"]
[WhiteTeam "Metz Fischer"]
[BlackTeam "Selestat"]
[WhiteTeamCountry "FRA"]
[BlackTeamCountry "FRA"]

1. e4 e5 2. Nf3 Nc6 3. Bb5 a6 4. Bxc6 dxc6 5. d4 exd4 6. Qxd4 Qxd4 7. Nxd4 Bd7 8. Nc3 Bb4 9. Nde2 h6 10. Be3 Nf6 11. f3 0-0-0 12. Rd1 Be6 13. a3 Rxd1+ 14. Kxd1 Bd6 15. Nf4 Kd7 16. Nxe6 Kxe6 17. Ke2 Nd7 18. g3 f6 19. Rd1 Ne5 20. a4 g5 21. Kf2 Rd8 22. b3 Rd7 23. Rd2 h5 24. h3 a5 25. Ne2 Ng6 26. Nd4+ Ke7 27. Nf5+ Ke6 28. Nxd6 Rxd6 29. Rxd6+ Kxd6 30. Ke2 c5 31. Bd2 b6 32. Bc3 Ke6 33. Ke3 h4 34. Be1 hxg3 35. Bxg3 Kd7 36. f4 c6 37. Kf3 gxf4 38. Bxf4 b5 39. Kg4 Ke6 40. Bc7 Ne5+ 41. Kf4 c4 42. axb5 cxb5 43. Bxa5 cxb3 44. cxb3 Ng6+ 45. Ke3 Ne7 46. h4 f5 47. Bc7 fxe4 48. Kxe4 Nf5 49. h5 Nh6 50. Bf4 Ng4 51. h6 Nf6+ 52. Kd4 Kf7 53. Kc5 b4 54. Bc1 Ke7 55. Bg5 Ke6 56. Bxf6 Kxf6 57. Kxb4 Kg6 58. Kc5 Kxh6 59. b4 Kg6 60. b5 Kf6 61. b6 Kf5 62. b7 Ke4 63. b8Q Kf5 64. Kd5 Kf6 65. Qf8+ Kg5 66. Ke4 Kg6 67. Kf4 Kh5 68. Qg7 Kh4 69. Qh7# 1-0

[Event "FRA-chT2O 0203"]
[Site "France"]
[Date "2003.03.15"]
[Round "8.6"]
[White "Mathelin, Robert"]
[Black "Saatdjian, Thomas"]
[Result "1-0"]
[WhiteElo "2030"]
[BlackElo "2051"]
[PlyCount "105"]
[EventDate "2002.10.??"]
[EventType "team-tourn"]
[EventRounds "11"]
[EventCountry "FRA"]
[SourceTitle "EXT 2004"]
[Source "ChessBase"]
[SourceDate "2003.11.25"]
[SourceVersion "1"]
[SourceVersionDate "2003.11.25"]
[SourceQuality "1"]
[WhiteTeam "Metz Fischer"]
[BlackTeam "Nancy II"]
[WhiteTeamCountry "FRA"]
[BlackTeamCountry "FRA"]

1. e4 e6 2. d4 d5 3. Nc3 Bb4 4. a3 Bxc3+ 5. bxc3 dxe4 6. Qg4 Nf6 7. Qxg7 Rg8 8. Qh6 Nbd7 9. Ne2 b6 10. Ng3 Bb7 11. Bb5 Rg6 12. Qh4 Qe7 13. Bg5 c6 14. Be2 Qf8 15. 0-0 Qg8 16. Be3 0-0-0 17. Kh1 Kb8 18. a4 Nd5 19. Bd2 N7f6 20. c4 Nc7 21. a5 Nd7 22. Bh5 Rg7 23. Bh6 Rc8 24. Bxg7 Qxg7 25. axb6 axb6 26. Rfd1 f5 27. Qf4 Rg8 28. Be2 Kc8 29. c3 Nf6 30. Rab1 b5 31. cxb5 Nfd5 32. Qd6 cxb5 33. Rg1 Nxc3 34. Rbc1 Nxe2 35. Nxe2 Re8 36. Rxc7+ Qxc7 37. Rc1 Qxc1+ 38. Nxc1 Bd5 39. Qa6+ Kc7 40. Qxb5 Rb8 41. Qc5+ Kd7 42. Qa7+ Kc8 43. Qxh7 Rb1 44. Qh6 Kc7 45. Qd2 Rb6 46. h4 Rb8 47. Kg1 Rg8 48. g3 Kd7 49. Ne2 Ke7 50. Nf4 Kf7 51. Nxd5 exd5 52. Qf4 Kf6 53. Qe5+ 1-0